[Event "World Rapid Women 2019"]
[Site "Moscow RUS"]
[Date "2019.12.27"]
[Round "6.41"]
[White "Osmak, Iulija"]
[Black "Fominykh, Maria"]
[Result "1-0"]
[WhiteTitle "IM"]
[BlackTitle "WGM"]
[WhiteElo "2388"]
[BlackElo "2206"]
[WhiteFideId "14101602"]
[BlackFideId "4142411"]
[EventDate "2019.12.26"]

1. d4 d6 2. e4 Nf6 3. Nc3 e5 4. Nf3 Nbd7 5. Bc4 Be7 6. a4 O-O 7. O-O c6 8. h3
Nxe4 9. Nxe4 d5 10. Re1 dxe4 11. Rxe4 exd4 12. Bf4 c5 13. Qe2 Nb6 14. Bc7 Qxc7
15. Rxe7 Bd7 16. Ne5 Nxc4 17. Nxd7 Qd6 18. Nxf8 Rxf8 19. Rxb7 Ne5 20. Rxa7 Ng6
21. b3 Nf4 22. Qf3 Re8 23. Ra8 Kf8 24. Rxe8+ Kxe8 25. a5 1-0

[Event "World Rapid Women 2019"]
[Site "Moscow RUS"]
[Date "2019.12.27"]
[Round "6.42"]
[White "Kulon, Klaudia"]
[Black "Muetsch, Annmarie"]
[Result "1-0"]
[WhiteTitle "IM"]
[BlackTitle "WIM"]
[WhiteElo "2345"]
[BlackElo "2227"]
[WhiteFideId "1131044"]
[BlackFideId "12971367"]
[EventDate "2019.12.26"]

1. c4 Nf6 2. g3 g6 3. Bg2 Bg7 4. Nc3 O-O 5. e3 d6 6. Nge2 c5 7. O-O Nc6 8. h3
Bd7 9. d4 Rb8 10. Kh2 h5 11. b3 Qc8 12. d5 Na5 13. a4 a6 14. e4 Qd8 15. Bd2 Ne8
16. Ra2 Ra8 17. f4 b6 18. f5 Nf6 19. fxg6 fxg6 20. Nf4 Kh7 21. Qb1 Qe8 22. Nce2
Nb7 23. Ng1 Nd8 24. Nf3 Bh6 25. Bc3 Ra7 26. Raf2 e5 27. dxe6 Nxe6 28. Nxg6 Rg8
29. Nfh4 1-0

[Event "World Rapid Women 2019"]
[Site "Moscow RUS"]
[Date "2019.12.27"]
[Round "6.43"]
[White "Protopopova, Anastasiya"]
[Black "Mamedjarova, Turkan"]
[Result "0-1"]
[WhiteTitle "WFM"]
[BlackTitle "WGM"]
[WhiteElo "2230"]
[BlackElo "2310"]
[WhiteFideId "24172073"]
[BlackFideId "13402005"]
[EventDate "2019.12.26"]

1. d4 Nf6 2. c4 g6 3. Nc3 d5 4. Nf3 Bg7 5. h4 h5 6. cxd5 Nxd5 7. e4 Nxc3 8. bxc3
c5 9. Be3 Nc6 10. Qd2 cxd4 11. cxd4 Bg4 12. Rd1 O-O 13. Be2 Rc8 14. O-O a5 15.
Bh6 Bxf3 16. Bxg7 Kxg7 17. Bxf3 e5 18. dxe5 Nxe5 19. Qb2 Qf6 20. Rb1 Nxf3+ 21.
gxf3 Rc3 22. Rfe1 Rfc8 23. Re3 Rc1+ 24. Qxc1 Rxc1+ 25. Rxc1 Qxh4 26. Rb1 Qg5+
27. Kh1 b5 28. Rd1 Qe5 29. a3 b4 30. axb4 axb4 31. Rb1 Qc5 32. Kg2 Qg5+ 33. Kh2
Qe5+ 34. Kg2 Qe7 35. Reb3 Qg5+ 36. Kh2 Qf4+ 37. Kg2 h4 38. Re3 Qg5+ 39. Kh3 Qe7
40. Reb3 Qf6 41. Re3 g5 42. Kg2 Qe6 43. Reb3 g4 44. Rxb4 gxf3+ 45. Kxf3 Qh3+ 46.
Ke2 Qg2 47. Ke3 h3 48. Rc4 h2 49. Rcc1 Kg6 50. Rb6+ 0-1

[Event "World Rapid Women 2019"]
[Site "Moscow RUS"]
[Date "2019.12.27"]
[Round "6.44"]
[White "Borisova, Ekaterina"]
[Black "Mamedjarova, Zeinab"]
[Result "1-0"]
[WhiteTitle "FM"]
[BlackTitle "WGM"]
[WhiteElo "2344"]
[BlackElo "2278"]
[WhiteFideId "34124184"]
[BlackFideId "13401521"]
[EventDate "2019.12.26"]

1. d4 d5 2. c4 dxc4 3. e4 Nf6 4. e5 Nd5 5. Bxc4 e6 6. Nc3 c5 7. Nge2 cxd4 8.
Nxd5 exd5 9. Bb5+ Nc6 10. Nxd4 Bd7 11. Nxc6 bxc6 12. Bd3 Bb4+ 13. Bd2 Bxd2+ 14.
Qxd2 O-O 15. O-O Qe7 16. Rae1 Rab8 17. b3 c5 18. f4 f5 19. exf6 Qxf6 20. Qc2
Qd4+ 21. Kh1 Rxf4 22. Rxf4 Qxf4 23. Qxc5 Kh8 24. Rf1 1-0

[Event "World Rapid Women 2019"]
[Site "Moscow RUS"]
[Date "2019.12.27"]
[Round "6.45"]
[White "Bogumil, Tatiana"]
[Black "Hejazipour, Mitra"]
[Result "0-1"]
[WhiteTitle "WGM"]
[BlackTitle "WGM"]
[WhiteElo "2182"]
[BlackElo "2277"]
[WhiteFideId "4110579"]
[BlackFideId "12505951"]
[EventDate "2019.12.26"]

1. Nf3 Nf6 2. c4 e6 3. b3 d5 4. Bb2 c5 5. g3 Nc6 6. Bg2 d4 7. d3 Bd6 8. O-O O-O
9. a3 e5 10. b4 cxb4 11. axb4 Bxb4 12. Ba3 Qc7 13. Bxb4 Nxb4 14. Na3 Bd7 15. Qb3
a5 16. Rfc1 Bc6 17. Nc2 Nxc2 18. Rxc2 Nd7 19. Qa3 Rfe8 20. Rb2 b6 21. Rab1 h6
22. Bh3 Ra6 23. Bxd7 Bxd7 24. Rb3 Re6 25. Nd2 a4 26. Rb4 f5 27. Qb2 Qc5 28. Nf3
a3 29. Qa2 e4 30. Ne1 Bc6 31. R4b3 exd3 32. Nxd3 Qxc4 33. Rc1 Qd5 34. f3 Ba4 35.
Rxa3 Qxa2 36. Rxa2 Bb5 37. Rxa6 Bxa6 38. Nf4 Rd6 39. Kf2 g5 40. Nd3 Bxd3 41.
exd3 Kf7 42. h4 Kg6 43. hxg5 hxg5 44. f4 g4 45. Rc8 Kf7 46. Rh8 Ke7 47. Ke2 Re6+
48. Kd2 Re3 49. Rh5 Rxg3 50. Rxf5 Rg2+ 51. Ke1 g3 52. Rg5 Kd6 53. Rg6+ Kc5 54.
f5 b5 55. f6 Kb4 56. f7 Rf2 57. Rxg3 Rxf7 58. Rg5 Rh7 59. Rd5 Rh4 60. Kd2 Ka4
61. Kc2 b4 62. Rd8 Rh2+ 63. Kc1 Kb3 64. Rxd4 Rh1+ 65. Kd2 Ka3 66. Rd8 b3 67.
Ra8+ Kb2 68. d4 Rh3 69. d5 Kb1 70. Rb8 b2 71. d6 Rh2+ 72. Kd1 Rh6 73. Rb6 Ka2
74. Ra6+ Kb3 75. Rb6+ Kc3 76. Ke2 Rxd6 77. Rxd6 b1=Q 78. Re6 0-1

[Event "World Rapid Women 2019"]
[Site "Moscow RUS"]
[Date "2019.12.27"]
[Round "6.46"]
[White "Geller, Anastasiya"]
[Black "Nazarova, Anastasia"]
[Result "0-1"]
[WhiteTitle "WFM"]
[BlackTitle "WFM"]
[WhiteElo "2161"]
[BlackElo "2176"]
[WhiteFideId "24119059"]
[BlackFideId "34101737"]
[EventDate "2019.12.26"]

1. d4 Nf6 2. Bf4 d5 3. e3 c5 4. c3 Nc6 5. Nd2 Bf5 6. h3 e6 7. Ngf3 Qb6 8. Qb3 c4
9. Qxb6 axb6 10. a3 b5 11. Rc1 h6 12. Be2 Nd7 13. Bd1 Nb6 14. Bc2 Bxc2 15. Rxc2
b4 16. O-O b3 17. Rcc1 Na4 18. Rb1 Bxa3 19. bxa3 Nxc3 20. Bd6 Kd7 21. Bc5 Kc7
22. Kh2 Nxb1 23. Nxb1 b6 24. Bb4 Nxb4 25. axb4 Ra1 26. Nfd2 Rha8 27. f3 R8a2 28.
Kg1 Rc2 29. e4 b2 30. exd5 exd5 31. b5 Rxd2 32. Nxd2 Rxf1+ 33. Kxf1 c3 0-1

[Event "World Rapid Women 2019"]
[Site "Moscow RUS"]
[Date "2019.12.27"]
[Round "6.47"]
[White "Balaian, Alina"]
[Black "Ovezdurdiyeva, Jemal"]
[Result "1-0"]
[WhiteTitle "WIM"]
[BlackTitle "WFM"]
[WhiteElo "2243"]
[BlackElo "2061"]
[WhiteFideId "24115347"]
[BlackFideId "14001888"]
[EventDate "2019.12.26"]

1. e4 c5 2. Nc3 d6 3. g3 g6 4. d3 Bg7 5. Be3 e6 6. Qd2 Nc6 7. Bg2 Rb8 8. Nge2
Nd4 9. Nc1 Ne7 10. Nd1 O-O 11. c3 Ndc6 12. Bh6 d5 13. h4 dxe4 14. h5 Bxh6 15.
Qxh6 Nf5 16. Qd2 exd3 17. Nxd3 c4 18. Bxc6 bxc6 19. Ne5 Qd5 20. Qxd5 cxd5 21. g4
Nd6 22. g5 Ne4 23. Rg1 gxh5 24. f3 Nc5 25. Kd2 Nd7 26. f4 Kh8 27. Kc2 f6 28. g6
Kg7 29. gxh7+ Kxh7 30. Nxd7 Bxd7 31. b3 Rg8 32. Ne3 Rxg1 33. Rxg1 Rg8 34. Rh1
Rg3 35. Kd2 Kg6 36. bxc4 dxc4 37. Ke2 Bc6 38. Rh4 Rg1 39. Rh2 Ra1 40. Rh4 Rxa2+
41. Ke1 Bb5 42. f5+ exf5 43. Rf4 a5 44. Rxf5 Bd7 45. Rc5 h4 46. Rxc4 h3 47. Rh4
h2 48. Nf1 Rc2 49. Rxh2 Rxc3 50. Rg2+ Kf5 51. Ng3+ Ke6 52. Re2+ Kf7 53. Ne4 Rc4
54. Nd6+ Kg6 55. Nxc4 Bb5 56. Rg2+ 1-0

[Event "World Rapid Women 2019"]
[Site "Moscow RUS"]
[Date "2019.12.27"]
[Round "6.48"]
[White "Tsogzolmaa, Nanjid"]
[Black "Lysenko, Margarita"]
[Result "0-1"]
[BlackTitle "WFM"]
[WhiteElo "1884"]
[BlackElo "2290"]
[WhiteFideId "4903099"]
[BlackFideId "34100200"]
[EventDate "2019.12.26"]

1. d4 Nf6 2. Nf3 e6 3. Bf4 c5 4. e3 Qb6 5. Na3 d5 6. Nb5 Na6 7. a4 c4 8. Ne5 Be7
9. Be2 O-O 10. O-O Ne4 11. b3 f6 12. Nf3 g5 13. Bg3 Nxg3 14. hxg3 cxb3 15. cxb3
Bd7 16. g4 Nb4 17. g3 a6 18. Nc3 Rac8 19. Rc1 Rc7 20. Kg2 Rfc8 21. Qd2 Be8 22.
e4 dxe4 23. Nxe4 Bg6 24. Nc3 Kg7 25. Bc4 Rd8 26. Qe2 Bf7 27. Rfe1 Rc6 28. Ne4
Nd5 29. Nc3 Nxc3 30. Rxc3 Bb4 31. Re3 Bxe1 32. Qxe1 Rcd6 33. Qe2 Qc6 34. Kh2 Rb8
35. Qb2 b5 36. axb5 axb5 37. Bd3 h6 38. Be4 Qd7 39. Qe2 b4 40. Bd3 h5 41. gxh5
Bxh5 42. Bc2 Rh8 43. Kg1 Bxf3 44. Qxf3 Rxd4 45. Re1 Qd5 46. Be4 Qd7 47. Qe2 Rc8
48. Qh5 Rxe4 49. Rxe4 Rc1+ 50. Kh2 Qd5 51. Qf3 f5 52. Re3 Qxf3 53. Rxf3 Rc3 54.
Kg2 g4 55. Rf4 Rxb3 56. Rc4 Kf6 57. Rc5 Rc3 58. Rb5 b3 59. Kf1 e5 60. Rb6+ Ke7
61. Ke2 Rc2+ 62. Ke3 b2 63. Rb5 Kd6 64. Rb8 Kd5 65. Rb5+ Kc4 66. Rb7 Kc3 67. Rb6
Rc1 68. Rc6+ Kb3 69. Rb6+ Kc2 70. Rc6+ Kd1 71. Rd6+ 0-1

[Event "World Rapid Women 2019"]
[Site "Moscow RUS"]
[Date "2019.12.27"]
[Round "6.49"]
[White "Guseva, Marina"]
[Black "Semenova, Elena1"]
[Result "1-0"]
[WhiteTitle "IM"]
[BlackTitle "WIM"]
[WhiteElo "2373"]
[BlackElo "2290"]
[WhiteFideId "4149351"]
[BlackFideId "24125148"]
[EventDate "2019.12.26"]

1. d4 d5 2. c4 dxc4 3. e4 Nf6 4. e5 Nd5 5. Bxc4 Bf5 6. Qb3 c6 7. Ne2 e6 8. Qxb7
Nb6 9. Bb3 Bd3 10. Ba4 Nxa4 11. Qxa8 Qc7 12. d5 Qxe5 13. O-O Bd6 14. Bf4 Qxd5
15. Nbc3 Nxc3 16. Nxc3 Qd4 17. Bxd6 Qxd6 18. Rfd1 O-O 19. Qxa7 Rd8 20. h3 1-0

[Event "World Rapid Women 2019"]
[Site "Moscow RUS"]
[Date "2019.12.27"]
[Round "6.50"]
[White "Solozhenkina, Elizaveta"]
[Black "Bulatova, Kamaliya"]
[Result "1-0"]
[WhiteTitle "WIM"]
[BlackTitle "WFM"]
[WhiteElo "2329"]
[BlackElo "2143"]
[WhiteFideId "34106615"]
[BlackFideId "34111546"]
[EventDate "2019.12.26"]

1. Nf3 Nf6 2. g3 g6 3. Bg2 Bg7 4. d4 d6 5. O-O O-O 6. Nc3 c6 7. e4 a6 8. a4 Nfd7
9. Be3 Qa5 10. Nd2 Qc7 11. a5 b5 12. axb6 Nxb6 13. Na4 N8d7 14. Nxb6 Nxb6 15. c3
Bb7 16. Qe2 c5 17. dxc5 dxc5 18. Nb3 Nd7 19. Na5 Rab8 20. Nxb7 Qxb7 21. Bc1 Qb5
22. Qxb5 axb5 23. Bg5 Bf6 24. Bxf6 exf6 25. Rfd1 Ne5 26. Bf1 Nf3+ 27. Kg2 Ng5
28. f3 b4 29. Rd2 bxc3 30. bxc3 Rb3 31. Rc1 Rfb8 32. Bc4 Rb2 33. Rcc2 Rxc2 34.
Rxc2 Ne6 35. Ra2 Nd8 36. Ra5 Rb2+ 37. Kh3 Nb7 38. Ra8+ Kg7 39. Rb8 Na5 40. Rxb2
Nxc4 41. Rb5 Ne5 42. Rxc5 Nxf3 43. Kg2 Ne1+ 44. Kf1 Nf3 45. Kg2 Ne1+ 46. Kh1 Nd3
47. Rc4 Kf8 48. Rd4 Ne5 49. Kg2 Ke7 50. c4 Nd7 51. Kf3 Kd8 52. Ke2 Kc7 53. Rd1
Ne5 54. Rd4 Kc6 55. Rd1 Kc5 56. Rc1 h5 57. h3 g5 58. Kd2 Kd4 59. c5 Nc6 60. Ke2
Kxe4 61. Rd1 Ke5 62. Ke3 Ne7 63. Rd8 Ke6 64. Kf3 f5 65. h4 gxh4 66. gxh4 Ng6 67.
Kg3 f4+ 68. Kf2 Ne5 69. Rh8 Nd3+ 70. Kf3 Nxc5 71. Kxf4 Kf6 72. Rxh5 Ne6+ 73. Kg4
Kg6 74. Ra5 Ng7 75. h5+ Kh6 76. Ra6+ Ne6 77. Ra7 Ng5 78. Ra6+ Ne6 79. Rb6 Kg7
80. Rb1 Kh6 81. Rh1 Ng7 82. Rh2 f5+ 83. Kf4 Ne6+ 84. Kxf5 Nd4+ 85. Kg4 Ne6 86.
Ra2 Nc5 87. Ra5 Ne4 88. Ra6+ Kh7 89. h6 Nc5 90. Rc6 Ne4 91. Rb6 Nc3 92. Kh5 Nd5
93. Rb7+ Kh8 94. Ra7 Nf6+ 95. Kg6 Ng8 96. Rh7# 1-0

[Event "World Rapid Women 2019"]
[Site "Moscow RUS"]
[Date "2019.12.27"]
[Round "6.51"]
[White "Karavaeva, Olga"]
[Black "Nilssen, Ellen Fredericia"]
[Result "1-0"]
[WhiteTitle "WIM"]
[BlackTitle "WFM"]
[WhiteElo "2260"]
[BlackElo "2000"]
[WhiteFideId "4124111"]
[BlackFideId "1441230"]
[EventDate "2019.12.26"]

1. c4 Nf6 2. Nc3 d5 3. cxd5 Nxd5 4. g3 g6 5. Bg2 Nb6 6. Nf3 Bg7 7. O-O O-O 8. d3
Nc6 9. Be3 Bd7 10. Qd2 Re8 11. Rac1 a5 12. Rfd1 a4 13. Bc5 Be6 14. Ng5 Bd7 15.
Nb5 h6 16. Ne4 Ra5 17. Na3 f5 18. Bxb6 cxb6 19. Nc3 Be6 20. Nc4 Bxc4 21. dxc4
Qxd2 22. Rxd2 Rd8 23. Rxd8+ Nxd8 24. Rd1 Nc6 25. Nd5 b5 26. b4 axb3 27. axb3
bxc4 28. bxc4 Rc5 29. Nb6 Bf6 30. Rd7 Nd4 31. e3 Ne2+ 32. Kf1 Nc3 33. Bxb7 Ra5
34. Nc8 Kf8 35. Bd5 Nxd5 36. Rd8+ Kf7 37. cxd5 g5 38. Nb6 Kg6 39. Nd7 Kg7 40.
Nf8 Ra7 41. Ne6+ Kh7 42. Kg2 g4 43. Rf8 Ra6 44. Nf4 Rd6 45. Ra8 Bg5 46. Ra7 Kg7
47. Ne6+ Kf6 48. Nc7 Kf7 49. h4 Bf6 50. Ra5 Rd7 51. Ne6 Bc3 52. Rb5 Bf6 53. h5
Be5 54. f3 gxf3+ 55. Kxf3 Kf6 56. Rb6 Kf7 57. Nf4 Kg7 58. Rg6+ Kh7 59. e4 fxe4+
60. Kxe4 Bf6 61. Ng2 Ra7 62. Ne3 Ra4+ 63. Kf5 Ra5 64. Ke6 Ra6+ 65. Kf7 Ra7 66.
Nf5 Bg5 67. Rg7+ Kh8 68. Rg8+ Kh7 69. Re8 Ra6 70. Rxe7 Bxe7 71. Kxe7 Ra7+ 72.
Ke6 Ra2 73. d6 Re2+ 74. Kf7 Rd2 75. g4 Rd1 76. Ke8 Re1+ 77. Ne7 Kg7 78. d7 Rd1
79. d8=Q Rxd8+ 80. Kxd8 Kf6 81. Ng8+ Kg5 82. Nxh6 Kxh6 83. Ke8 1-0

[Event "World Rapid Women 2019"]
[Site "Moscow RUS"]
[Date "2019.12.27"]
[Round "6.52"]
[White "Paramzina, Anastasya"]
[Black "Injac, Teodora"]
[Result "1/2-1/2"]
[WhiteTitle "WGM"]
[BlackTitle "WIM"]
[WhiteElo "2224"]
[BlackElo "2284"]
[WhiteFideId "4165012"]
[BlackFideId "932400"]
[EventDate "2019.12.26"]

1. e4 e6 2. d4 d5 3. Nd2 c5 4. exd5 exd5 5. Bb5+ Bd7 6. Bxd7+ Qxd7 7. Ngf3 Qe6+
8. Qe2 Nc6 9. Qxe6+ fxe6 10. c3 Nf6 11. O-O Bd6 12. Re1 Kd7 13. dxc5 Bxc5 14.
Nb3 Bd6 15. Be3 Rhe8 16. Rad1 Kc7 17. Nbd4 a6 18. Nb3 h6 19. Rc1 e5 20. h3 b5
21. Nh4 Ne7 22. Nc5 g5 23. Nf3 Nf5 24. b4 Nxe3 25. Rxe3 e4 26. Nd4 Bf4 27. Nde6+
Kd6 28. Nxf4 gxf4 29. Ree1 Kc6 30. a4 h5 31. Nb3 Rg8 32. Nd4+ Kb6 33. Ra1 Rgc8
34. Rec1 h4 35. Kf1 bxa4 36. Rxa4 Rc4 37. Ra3 Nd7 38. Nf5 Ne5 39. Nxh4 d4 40.
Nf5 dxc3 41. Raxc3 Rxb4 42. Ne7 Rd8 43. Nc6 Nxc6 44. Rxc6+ Kb7 45. Rc7+ Kb6 46.
R7c6+ Kb7 47. Rc7+ Kb6 1/2-1/2

[Event "World Rapid Women 2019"]
[Site "Moscow RUS"]
[Date "2019.12.27"]
[Round "6.53"]
[White "Gvanceladze, Anna"]
[Black "Munkhzul, Turmunkh"]
[Result "0-1"]
[WhiteTitle "WFM"]
[BlackTitle "WIM"]
[WhiteElo "2270"]
[BlackElo "2278"]
[WhiteFideId "4113721"]
[BlackFideId "4901878"]
[EventDate "2019.12.26"]

1. Nf3 Nf6 2. c4 g6 3. g3 Bg7 4. Bg2 O-O 5. O-O d6 6. Nc3 Nbd7 7. Rb1 e5 8. d3
a5 9. a3 Re8 10. b4 axb4 11. axb4 Nf8 12. Bb2 Bg4 13. h3 Bd7 14. b5 Ne6 15. Kh2
Nc5 16. Nd2 Qc8 17. Nb3 Ne6 18. Qd2 Nh5 19. Ra1 Rb8 20. Nd5 Qd8 21. Ra7 c6 22.
Ne3 cxb5 23. cxb5 Bxb5 24. Rxb7 Rxb7 25. Bxb7 Qd7 26. Bg2 f5 27. Nd5 f4 28. g4
Nf6 29. Rc1 h5 30. Nxf6+ Bxf6 31. Bd5 hxg4 32. hxg4 Kg7 33. Kg2 Nd4 34. f3 Nxb3
35. Bxb3 Bc6 36. Kg1 Rh8 37. Be6 Qxe6 38. Rxc6 Rb8 39. Rc7+ Kh6 40. e3 fxe3 41.
Qxe3+ Bg5 42. Qe2 Bf4 43. g5+ Kxg5 44. Qg2+ Kf6 45. Qh1 Be3+ 46. Kf1 Qf5 47.
Qh4+ Bg5 48. Qf2 Qxd3+ 49. Kg2 Rh8 50. Bc1 Qf5 51. Qg3 Bxc1 52. Rxc1 Rh5 53. Kf2
Rh3 54. Qg2 e4 55. Kg1 Rxf3 56. Rc6 Qe5 57. Qd2 Qg3+ 58. Qg2 Qxg2+ 59. Kxg2 Ke5
60. Rc8 d5 61. Rg8 Rf6 62. Re8+ Kf4 63. Kf2 d4 64. Ke2 d3+ 65. Kd2 g5 66. Rh8 g4
67. Rh1 g3 68. Rf1+ Ke5 69. Rg1 Rf2+ 70. Ke1 e3 71. Rxg3 d2+ 72. Kd1 Rf1+ 0-1

[Event "World Rapid Women 2019"]
[Site "Moscow RUS"]
[Date "2019.12.27"]
[Round "6.54"]
[White "Barchuk, Irina"]
[Black "Gevorgyan, Maria"]
[Result "1/2-1/2"]
[BlackTitle "WGM"]
[WhiteElo "2121"]
[BlackElo "2255"]
[WhiteFideId "14119005"]
[BlackFideId "13300270"]
[EventDate "2019.12.26"]

1. e4 c5 2. Nf3 Nc6 3. d4 cxd4 4. Nxd4 g6 5. Nc3 Bg7 6. Be3 Nf6 7. Bc4 O-O 8.
Bb3 Re8 9. O-O d6 10. h3 Na5 11. Re1 b6 12. Ba4 Bd7 13. Bxd7 Qxd7 14. Qd3 Rac8
15. Rad1 Qb7 16. Bc1 Nd7 17. Nd5 a6 18. b3 Nc6 19. Nxc6 Qxc6 20. c4 Nc5 21. Qg3
b5 22. Qh4 f6 23. cxb5 axb5 24. Bb2 Qa6 25. Qg4 Kf7 26. b4 Ne6 27. a3 Rc4 28.
Rc1 Rec8 29. Rxc4 Rxc4 30. Rc1 Rxc1+ 31. Bxc1 Qc8 32. Qd1 Qc4 33. f3 Nd4 34. Be3
Nc2 35. Qc1 f5 36. Bf2 fxe4 37. Qf4+ Ke8 38. fxe4 Nd4 39. Qh4 Qc1+ 40. Kh2 Be5+
41. Bg3 Bxg3+ 42. Qxg3 Ne2 43. Qf2 Nc3 44. Qd4 Nxd5 45. exd5 Qxa3 46. Qh8+ Kd7
47. Qxh7 Qxb4 48. Qxg6 Qf4+ 49. Kh1 b4 50. Qe6+ Kd8 51. Qg8+ Kc7 52. Qe8 Qc1+
53. Kh2 Qf4+ 54. Kh1 Qc1+ 55. Kh2 1/2-1/2

[Event "World Rapid Women 2019"]
[Site "Moscow RUS"]
[Date "2019.12.27"]
[Round "6.55"]
[White "Potapova, Margarita"]
[Black "Zhuravleva, Olga"]
[Result "1-0"]
[WhiteTitle "WFM"]
[BlackTitle "WIM"]
[WhiteElo "2307"]
[BlackElo "2278"]
[WhiteFideId "14126869"]
[BlackFideId "4145933"]
[EventDate "2019.12.26"]

1. d4 Nf6 2. c4 e6 3. Nf3 b6 4. g3 Bb7 5. Bg2 Bb4+ 6. Bd2 c5 7. Bxb4 cxb4 8. O-O
O-O 9. a3 bxa3 10. Nxa3 d5 11. Ne5 Nc6 12. Nb5 a6 13. Nc3 Qd6 14. Nxc6 Bxc6 15.
cxd5 exd5 16. Qb3 b5 17. e3 h6 18. Rfc1 Rfb8 19. Ne2 a5 20. Qc3 Bd7 21. Rxa5
Rxa5 22. Qxa5 Bg4 23. Nf4 Be6 24. h3 h5 25. Qc7 Qxc7 26. Rxc7 Ra8 27. Rb7 Ra1+
28. Kh2 Ra5 29. Bf3 g6 30. Kg2 Ne4 31. Bxe4 dxe4 32. Nxe6 fxe6 33. b4 Ra2 34.
Rxb5 Kf7 35. h4 Ke7 36. Re5 Kf6 37. Rxe4 Rb2 38. Rf4+ Ke7 39. Re4 Kf6 40. Kf3
Rb3 41. Rf4+ Ke7 42. Re4 Kf6 43. Re5 Rxb4 44. Rc5 Ra4 45. Rc6 Ra5 46. Ke4 Ke7
47. Rb6 Kf7 48. Rb2 Kf6 49. Rc2 Rb5 50. f3 g5 1-0

[Event "World Rapid Women 2019"]
[Site "Moscow RUS"]
[Date "2019.12.27"]
[Round "6.56"]
[White "Enkhtuul, Altan-Ulzii"]
[Black "Belenkaya, Dina"]
[Result "0-1"]
[WhiteTitle "WGM"]
[BlackTitle "WGM"]
[WhiteElo "2200"]
[BlackElo "2298"]
[WhiteFideId "4901444"]
[BlackFideId "24142654"]
[EventDate "2019.12.26"]

1. Nf3 d5 2. d4 Nf6 3. c4 dxc4 4. g3 c5 5. Bg2 Nc6 6. Qa4 cxd4 7. O-O Bd7 8.
Qxc4 e5 9. Ng5 Qe7 10. b3 Na5 11. Qd3 Bc6 12. Ba3 Qd7 13. Bxf8 Kxf8 14. Nd2 Bxg2
15. Kxg2 Qd5+ 16. Kg1 h6 17. Nge4 Nxe4 18. Nxe4 Nc6 19. Rac1 Re8 20. Nc3 Qe6 21.
Ne4 h5 22. h4 Rh6 23. Kh2 Rg6 24. Qf3 Qg4 25. Qxg4 hxg4 26. Nc5 Re7 27. a3 e4
28. b4 a6 29. Kg2 Rd6 30. Rfd1 f5 31. Rc4 Kf7 32. Nb3 d3 33. Kf1 Ne5 34. Rc5 b6
35. Rc3 Red7 36. exd3 Nxd3 37. Nc1 Kf6 38. Nxd3 exd3 39. Rd2 Ke5 40. Ke1 Ke4 41.
Rc4+ Rd4 42. Rc6 R7d6 43. Rc7 g6 44. Kf1 b5 45. Rc3 Rc4 46. Rb3 Rc2 47. Rd1 Rd4
48. Ke1 Re2+ 49. Kf1 Ra2 50. Ke1 Rc2 51. Kf1 Rc8 52. Ke1 Rcd8 53. Rc3 f4 54.
gxf4 Kxf4 55. Rc6 R8d6 56. Rc8 Kf3 57. Kf1 g3 58. Rd2 g2+ 59. Kg1 Rxh4 60. Rf8+
Rf4 61. Rxf4+ Kxf4 62. Kxg2 Ke4 63. Kf1 Rc6 64. Rd1 Rc2 65. Re1+ Kd4 66. Kg2 d2
67. Re6 Rc1 68. Rd6+ Kc3 69. Rc6+ Kd4 0-1

[Event "World Rapid Women 2019"]
[Site "Moscow RUS"]
[Date "2019.12.27"]
[Round "6.57"]
[White "Guindy, Esmat Susanne"]
[Black "Komiagina, Maria"]
[Result "1-0"]
[WhiteTitle "WFM"]
[BlackTitle "WIM"]
[WhiteElo "2120"]
[BlackElo "2233"]
[WhiteFideId "1401637"]
[BlackFideId "4153987"]
[EventDate "2019.12.26"]

1. c4 e5 2. g3 Nc6 3. Bg2 g6 4. Nc3 Bg7 5. Nf3 Nge7 6. e3 d6 7. O-O O-O 8. d4
exd4 9. Nxd4 Nxd4 10. exd4 Nc6 11. Be3 Bf5 12. h3 Rb8 13. Qd2 Re8 14. Rfe1 a6
15. Rad1 Nb4 16. g4 Bd7 17. d5 a5 18. Ne4 Na6 19. Bg5 f6 20. Bh6 Nc5 21. Nxc5
dxc5 22. Bxg7 Kxg7 23. Qxa5 Ra8 24. Qxc5 Rxa2 25. Qd4 Ba4 26. Rc1 b6 27. g5 Qd6
28. Rxe8 Bxe8 29. Re1 Bf7 30. Bf3 Ra4 31. Bg4 c5 32. Qc3 Qf4 33. b3 Ra2 34.
Qxf6+ Qxf6 35. gxf6+ Kxf6 36. d6 Rd2 37. d7 h5 38. Re8 hxg4 39. d8=Q+ Rxd8 40.
Rxd8 gxh3 41. Rd6+ Ke5 42. Rxb6 g5 43. Rb8 g4 44. Rd8 Ke4 45. Kh2 Be6 46. Re8
Ke5 47. Kg3 Kd6 48. Rd8+ Kc7 49. Rf8 Kd6 50. f3 gxf3 51. Rxf3 Bd7 52. Rd3+ Kc6
53. Rd2 Bf5 54. Kf4 Be6 55. Ke5 Bg4 56. Rd6+ Kc7 57. Rh6 1-0

[Event "World Rapid Women 2019"]
[Site "Moscow RUS"]
[Date "2019.12.27"]
[Round "6.58"]
[White "Antonova, Nadezhda"]
[Black "Diakonova, Ekaterina"]
[Result "0-1"]
[WhiteTitle "WFM"]
[WhiteElo "1913"]
[BlackElo "2218"]
[WhiteFideId "14700182"]
[BlackFideId "24172936"]
[EventDate "2019.12.26"]

1. Nf3 Nf6 2. g3 d5 3. Bg2 g6 4. b3 Bg7 5. Bb2 c5 6. O-O Nc6 7. d3 O-O 8. Nbd2
Re8 9. e4 e5 10. Re1 Rb8 11. a4 b6 12. h3 Bb7 13. c3 Qc7 14. Rc1 Rbd8 15. b4
dxe4 16. dxe4 Qe7 17. b5 Na5 18. Qc2 c4 19. Ra1 h6 20. Ba3 Qe6 21. Bf1 Qc8 22.
Rab1 Bf8 23. Bb4 Bxb4 24. cxb4 c3 25. Nb3 Nxb3 26. Rxb3 Nxe4 27. Re3 Qe6 28. Bd3
Nd2 29. Nxd2 cxd2 30. Rb1 Qxh3 31. Bf1 Qh1# 0-1

[Event "World Rapid Women 2019"]
[Site "Moscow RUS"]
[Date "2019.12.27"]
[Round "6.59"]
[White "Nosacheva, Mariya"]
[Black "Gansvind, Valeriya I."]
[Result "1-0"]
[WhiteTitle "WFM"]
[BlackTitle "WFM"]
[WhiteElo "2243"]
[BlackElo "2081"]
[WhiteFideId "34111422"]
[BlackFideId "4109821"]
[EventDate "2019.12.26"]

1. e4 g6 2. d4 d6 3. c4 Bg7 4. Nc3 c6 5. f4 Qb6 6. Nf3 Bg4 7. e5 Nh6 8. Na4 Qa5+
9. Bd2 Qc7 10. h3 Bxf3 11. Qxf3 Nf5 12. Bc3 h5 13. g4 hxg4 14. hxg4 Rxh1 15.
Qxh1 Ne3 16. Bd3 Qd7 17. f5 dxe5 18. Nc5 Qd6 19. Ne4 Qc7 20. Qh7 exd4 21. Qxg7
dxc3 22. Qh8+ Kd7 23. Nc5+ Kd6 24. Qd4+ Nd5 25. Ne4+ Kd7 26. cxd5 cxd5 27. Qxd5+
Kc8 28. Rc1 Nc6 29. Rxc3 gxf5 30. gxf5 Qb6 31. Bb5 Qg1+ 32. Kd2 Qh2+ 33. Kc1
Qh6+ 34. Kc2 Kc7 35. Bxc6 bxc6 36. Qe5+ Kd8 37. Rd3+ Ke8 38. f6 e6 39. Qd6 1-0

[Event "World Rapid Women 2019"]
[Site "Moscow RUS"]
[Date "2019.12.27"]
[Round "6.60"]
[White "Heinemann, Josefine"]
[Black "Nur-Mukhametova, Alisa"]
[Result "1-0"]
[WhiteTitle "WGM"]
[WhiteElo "2318"]
[BlackElo "2213"]
[WhiteFideId "12900460"]
[BlackFideId "54117739"]
[EventDate "2019.12.26"]

1. e4 e6 2. d4 d5 3. Nd2 Be7 4. Ngf3 Nf6 5. e5 Nfd7 6. c4 c5 7. cxd5 exd5 8. Bd3
Nc6 9. O-O cxd4 10. Qe2 O-O 11. Nb3 Re8 12. Nbxd4 Nxd4 13. Nxd4 Bc5 14. Nf3 Nf8
15. h3 Ng6 16. Bg5 Be7 17. Bxe7 Qxe7 18. Bxg6 hxg6 19. Qd2 b6 20. Rfe1 Bf5 21.
Qxd5 Rad8 22. Qb3 Rd3 23. Qc4 Rxf3 24. gxf3 Qg5+ 25. Kh2 Rc8 26. h4 Qh6 27. Qd4
Be6 28. Kg3 g5 29. Rh1 g4 30. f4 Qg6 31. Rac1 Rc2 32. Rhd1 Qf5 33. Rxc2 Qxc2 34.
Qd8+ Kh7 35. Qd3+ Qxd3+ 36. Rxd3 Kg6 37. a3 Kf5 38. h5 Ke4 39. Rd8 a5 40. Rb8
Kd5 41. Rxb6 Kc4 42. b4 axb4 43. axb4 Bf5 44. Rb7 Be6 45. f5 Bd5 46. Rb6 1-0